Oxford Advanced Learner`s Dictionary of Current English

Salvato in:
Dettagli Bibliografici
Autore principale: Hornby, A.S (Autore)
Natura: Libro
Lingua:inglese
Pubblicazione: Oxford : Oxford University Press, 1975
Tags: Aggiungi Tag
Nessun Tag, puoi essere il primo ad aggiungerne!!

MARC

LEADER 00000nam a22000003a 4500
001 stu222704
005 20150617230125.6
008 110317s1982------------------------eng-d
040 |a STU  |b slo 
041 0 |a eng 
080 |a 801.323.1=20 
100 1 |a Hornby, A.S.  |4 aut 
245 1 |a Oxford Advanced Learner`s Dictionary of Current English 
260 |a Oxford :  |b Oxford University Press,  |c 1975 
996 |b E37630  |c E*37630  |l EE16  |s P  |a 0  |w stu222704_0001